Normal view
MARC view
- Ciana, Paul,
Entry Personal Name
001 - CONTROL NUMBER
- control field: 323697
003 - CONTROL NUMBER IDENTIFIER
- control field: KE-NaSUL
005 - DATE AND TIME OF LATEST TRANSACTION
- control field: 20250827110212.0
008 - FIXED-LENGTH DATA ELEMENTS
- fixed length control field: 250827|| aca||aabn | a|a d
040 ## - CATALOGING SOURCE
- Original cataloging agency: KE-NaSUL
- Transcribing agency: KE-NaSUL
100 ## - HEADING--PERSONAL NAME
- Personal name: Ciana, Paul,
- Dates associated with a name: 1983-
670 ## - SOURCE DATA FOUND
- Source citation: Work cat.: (KE-NaSUL)277807: Ciana, Paul, 1983-, New frontiers in technical analysis, 2011.